Kisima cha Kiningi/ (Record no. 15374)
[ view plain ]
| 000 -LEADER | |
|---|---|
| fixed length control field | 00394nam a22001457a 4500 |
| 003 - CONTROL NUMBER IDENTIFIER | |
| control field | OSt |
| 005 - DATE AND TIME OF LATEST TRANSACTION | |
| control field | 20221024055813.0 |
| 008 - FIXED-LENGTH DATA ELEMENTS--GENERAL INFORMATION | |
| fixed length control field | 151026b xxu||||| |||| 00| 0 eng d |
| 020 ## - INTERNATIONAL STANDARD BOOK NUMBER | |
| International Standard Book Number | 0237497972 |
| 040 ## - CATALOGING SOURCE | |
| Transcribing agency | MMU |
| Original cataloging agency | MMU |
| Language of cataloging | eng |
| Modifying agency | MMU |
| 050 ## - LIBRARY OF CONGRESS CALL NUMBER | |
| Classification number | PL8704 .A36K5 1968 |
| 245 ## - TITLE STATEMENT | |
| Title | Kisima cha Kiningi/ |
| Statement of responsibility, etc. | Abdulla Said Muhammed. |
| 260 ## - PUBLICATION, DISTRIBUTION, ETC. (IMPRINT) | |
| Place of publication, distribution, etc. | Nairobi : |
| Name of publisher, distributor, etc. | Evans brothers, |
| Date of publication, distribution, etc. | 1968. |
| 942 ## - ADDED ENTRY ELEMENTS (KOHA) | |
| Source of classification or shelving scheme | Library of Congress Classification |
| Koha item type | L |
| Withdrawn status | Lost status | Source of classification or shelving scheme | Damaged status | Not for loan | Home library | Current library | Date acquired | Source of acquisition | Cost, normal purchase price | Total Checkouts | Full call number | Barcode | Date last seen | Date last checked out | Price effective from | Koha item type |
|---|---|---|---|---|---|---|---|---|---|---|---|---|---|---|---|---|
| Library of Congress Classification | Maasai Mara University Library -Main Campus | Maasai Mara University Library -Main Campus | 10/26/2015 | purchase | 440.00 | 7 | PL8704 .A36K5 1968 | 201514635 | 02/14/2022 | 02/09/2022 | 10/26/2015 | L | ||||
| Library of Congress Classification | Maasai Mara University Library -Main Campus | Maasai Mara University Library -Main Campus | 10/26/2015 | purchase | 440.00 | 4 | PL8704 .A36K5 1968 | 201514634 | 03/12/2018 | 02/28/2018 | 10/26/2015 | L |